00482nam a2200085Ia 4500008004100000245003000041300025500071650000900326856006100335170517s9999 xx 000 0 und d aGoya: Crazy Like a Genius aDocumentary in which art critic Robert Hughes travels across Spain in search of the reality beyond the mythology of Spanish painter Francisco Goya. Goya has long been Hughes' favorite artist but has become a particular obsession since a near-fatal... xArt. uhttp://topdocumentaryfilms.com/goya-crazy-like-a-genius/